| 000 | 00589nam a2200193Ia 4500 | ||
|---|---|---|---|
| 003 | OSt | ||
| 005 | 20251113182036.0 | ||
| 008 | 210423s2010 xx 000 0 und d | ||
| 040 | _cAL | ||
| 041 | _aEnglish | ||
| 082 |
_a370.15 _bSHEP |
||
| 100 |
_aRameela Shekhar _9118986 |
||
| 245 | _aPsychosocial skills required in teachers to deal with problems in childern | ||
| 260 |
_aMangalore _bSchool of Social Women _c2010 |
||
| 300 |
_a82p. _bPB _c21x14cm. |
||
| 365 |
_b200 _cINR |
||
| 906 | _achildern. ; deal ; problems ; Psychosocial ; required ; skills ; teachers | ||
| 942 |
_2ddc _cBK |
||
| 999 |
_c175665 _d175665 |
||